[Event "Biel Rapid op 58th"]
[Site "Biel"]
[Date "2025.07.13"]
[Round "1"]
[White "Pinchetti, Andrea"]
[Black "Schaefer, Gion"]
[Result "1-0"]
[WhiteElo "2060"]
[BlackElo "1812"]
[PlyCount "49"]
[EventDate "2025.07.13"]
[EventType "swiss (rapid)"]
[EventRounds "9"]
[EventCountry "SUI"]
[SourceTitle "CB29_2025"]
[SourceDate "2025.07.16"]
[SourceVersion "1"]
[SourceVersionDate "2025.07.16"]
[SourceQuality "1"]

1. f4 d5 2. Nf3 c5 3. e3 Nc6 4. Bb5 Bf5 5. b3 e6 6. Bb2 Nf6 7. 0-0 Bd6 8. Bxc6+ bxc6 9. d3 Qc7 10. Qe2 0-0 11. Nbd2 Rab8 12. e4 dxe4 13. dxe4 Nxe4 14. Nxe4 Bxf4 15. g3 Bxe4 16. Qxe4 Bxg3 17. Qg4 Bxh2+ 18. Nxh2 f5 19. Qe2 Qf7 20. Kh1 Rb4 21. Rg1 Re4 22. Qf2 g6 23. Rae1 Rxe1 24. Qxe1 f4 25. Qe5 1-0